GERIATRICS IN AYURVEDA (Record no. 16940)

MARC details
000 -LEADER
fixed length control field 00326nam a22001457a 4500
003 - CONTROL NUMBER IDENTIFIER
control field SGT
082 ## - DEWEY DECIMAL CLASSIFICATION NUMBER
Classification number 615.53
Item number G01B
100 ## - MAIN ENTRY--PERSONAL NAME
Personal name BABU,SURESH
245 ## - TITLE STATEMENT
Title GERIATRICS IN AYURVEDA
260 ## - PUBLICATION, DISTRIBUTION, ETC. (IMPRINT)
Place of publication, distribution, etc VARANASI
Name of publisher, distributor, etc CHAUKHAMBA PUB
Year of Publication 2001
300 ## - PAGE DESCRIPTION
No. of Pages 105
650 ## - SUBJECT ADDED ENTRY--TOPICAL TERM
Topical term or geographic name as entry element AYURVEDA
653 ## - KEYWORDS--INDEX TERM
Keyword term GERIATRICS, DISEASES,ROGA
942 ## - ADDED ENTRY ELEMENTS (KOHA)
Source of classification or shelving scheme Dewey Decimal Classification
Koha item type Books
Holdings
Withdrawn status Lost status Source of classification or shelving scheme Damaged status Not for loan Collection code Home library Current library Shelving location Date acquired Vendor Name Cost, normal purchase price SGTU Bill Number Total Checkouts Full call number Accession No. (Barcode) Date last seen Bill Date Koha item type Use restrictions
    Dewey Decimal Classification     AYURVEDA SGT FA-FP Library SGT FA-FP Library Text Book 18/02/2019 CHAUKHAMBA PUB 250.00 SGTU CP/B/986   615.53 G01B FA10233 18/02/2019 12/02/2019 Books  
    Dewey Decimal Classification     AYURVEDA SGT FA-FP Library SGT FA-FP Library Reference Book 18/02/2019 CHAUKHAMBA PUB 250.00 SGTU CP/B/986   615.53 G01B FA10234 18/02/2019 12/02/2019 Books Restricted Access
    Dewey Decimal Classification     AYURVEDA SGT FA-FP Library SGT FA-FP Library Text Book 18/02/2019 CHAUKHAMBA PUB 250.00 SGTU CP/B/986   615.53 G01B FA10235 18/02/2019 12/02/2019 Books